00886nam a2200205 a 450000100060000000300090000600800410001504000280005608200160008410000170010024500360011726000300015330000100018359001360019365000190032994200120034899900170036095201520037795201510052912325CO-ViMGA141112s2004 ck r 000 u spa d aCO-ViMGAbspacCO-ViMGA a823.8 J69r31 aJoyce, James10aRetrato del artista adolescente aBogotá : bFaro, c1886 a273p. aForma de adquisición : DONACION - - Precio : 20.000 - - Proveedor : RAFAEL SALAMANCA - - Fecha de adquisición : 31 - 01 - 200114aNOVELA INGLESA 2ddccBK c10772d10772 00102ddc40708001aMEVIGAEMPbMEVIGAEMPd2015-12-04hVolumen. 1 | 11/jun/2009l0o823.8 J69r3 p3784r2017-05-20 00:00:00tEj. 1w2015-12-04yBK 01102ddc44708003aMEVIECARbMEVIECARd2015-12-04hVolumen. 1 | 11/jun/2009l0o823.8 J69r3 p12325r2015-12-04 00:00:00tEj. 1w2015-12-04yBK